000 00654nam a2200181Ia 4500
008 090124s9999 xx 000 0 und d
082 _b47569
100 _aखाडिलकर नीलकंठ (संपादक नवाकाऴ)
245 _a राजे शिवाजी
250 _a21
260 _c2007
300 _a123+05
600 _aखाडिलकर नीलकंठ (संपादक नवाकाऴ)
630 _a राजे शिवाजी
700 _aखाडिलकर नीलकंठ (संपादक नवाकाऴ)
730 _a राजे शिवाजी
942 _cBOOK
999 _c113947
_d113947